El menor ante el delito : incapacidad penal del menor régimen jurídico, prevención y tratamiento (Registro nro. 5891)

Detalles MARC
000 -Cabecera
Campo de control de longitud fija 01191ata a2200409 4500
005 - Fecha y hora de la última transacción
Campo de control 20260325172722.0
008 - Elementos de longitud fija--Información general
Campo de control de longitud fija 150521b2009 xxu||||| |||| 00| 0 spa d
020 ## - International Standard Book Number
Número Internacional Estándar del Libro (ISBN) 9789505088430
041 ## - Idioma
Código de idioma Español
082 ## - Clasificación Decimal Dewey
Número de clasificación 364.36 D999me3
100 ## - Entrada principal--Autor personal
Nombre personal D' Antonio, Daniel Hugo
9 (RLIN) 14381
245 ## - Título propiamente dicho
Título El menor ante el delito : incapacidad penal del menor régimen jurídico, prevención y tratamiento
250 ## - Edición
Mención de edición 3 edición
260 ## - Pie de imprenta
Lugar de publicación, distribución, etc. Argentina
260 ## - Pie de imprenta
Nombre del editor, distribuidor, etc. Astrea
260 ## - Pie de imprenta
Fecha de publicación, distribución, etc. 2009
300 ## - Descripción física
Extensión 300 páginas
490 ## - Serie
Título de la Serie Investigación Criminal
650 ## - Materia general
Temática (materia general) DELINCUENCIA JUVENIL
650 ## - Materia general
Temática (materia general) CONDUCTA JUVENIL DESVIADA
650 ## - Materia general
Temática (materia general) FACTORES BIOLÓGICOS
650 ## - Materia general
Temática (materia general) INCAPACIDAD PENAL DEL MENOR
650 ## - Materia general
Temática (materia general) REGIMEN JURÍDICO
650 ## - Materia general
Temática (materia general) MENORES ANTE LOS TRIBUNALES
650 ## - Materia general
Temática (materia general) GARANTIAS PROCESALES
650 ## - Materia general
Temática (materia general) RESPONSABILIDAD PENAL
650 ## - Materia general
Temática (materia general) DELITOS
650 ## - Materia general
Temática (materia general) DESAMPARO MINORIAL
650 ## - Materia general
Temática (materia general) CONDUCTA BIOLÓGICA
650 ## - Materia general
Temática (materia general) CONDUCTA PSÍQUICA
650 ## - Materia general
Temática (materia general) CONDUCTA SOCIAL
650 ## - Materia general
Temática (materia general) INCAPACIDAD PENAL
650 ## - Materia general
Temática (materia general) COMPORTAMIENTO JUVENIL
650 ## - Materia general
Temática (materia general) PREVENCIÓN Y TRATAMIENTO
650 ## - Materia general
Temática (materia general) JURISPRUDENCIA
942 ## - Punto de acceso adicional KOHA
Tipo de ítem KOHA Libro
Fuente del sistema de clasificación o colocación Dewey Decimal Classification
Existencias
Signatura completa Código de barras Programa Académico Tipo de ítem
364.36 D999me3 14963 Investigación Criminal Libro
364.36 D999me3 14964 Investigación Criminal Libro